| 000 | 00821pam a2200265 a 4500 | ||
|---|---|---|---|
| 999 |
_c5821 _d5821 |
||
| 001 | 1652 | ||
| 003 | BD-DhUAP | ||
| 005 | 20201221142732.0 | ||
| 008 | 201221s1995 ilua b 001 0 eng | ||
| 020 | _a0256135851 | ||
| 020 | _a0256135886 | ||
| 040 |
_aDLC _cDLC _dBD-DhUAP _beng |
||
| 082 | 0 | 0 |
_a658.15 ROS _223 |
| 100 | 1 | _aRoss, Stephen A. | |
| 245 | 1 | 0 |
_aFundamentals of corporate finance / _cStephen A. Ross, Randolph W. Westerfield and Bradford D. Jordan. |
| 250 | _a3rd ed. | ||
| 260 |
_aChicago : _bIrwin, _cc1995. |
||
| 300 |
_axxi, 779 pages : _billustrations ; _c26 cm. |
||
| 490 | _aThe Irwin series in finance. | ||
| 504 | _aIncludes bibliographical references and index. | ||
| 650 | 0 |
_aCorporations _xFinance. |
|
| 700 | 1 | _aWesterfield, Randolph W. | |
| 700 | 1 | _aJordan, Bradford D. | |
| 942 |
_2ddc _cBK |
||